Református hittan az 199.-199. isk. évben I.

Bibliographic Details
Other Authors: Imréné, Peres (Compiler)
Format: Book
Language:Hungarian
PhysicalDescription:95 strán ilustrácie 21 cm
Published: Komárno Teologický inštitút J. Calvina 1995
ISBN:8096736914
Edition:1. kiad.
Subjects:

MARC

LEADER 00000cam a2200000 a 4500
001 vtls001096607
003 SK-MaSNL
005 20260301153411.0
008 951129s1995 xo a frnp 00000 hun
015 |a SNBZSA1995 
020 |a 8096736914  |q (brožované) 
035 |a SNK000039449 
040 |a SNK  |b slo  |c SNK  |e AACR2 
041 0 |a hun 
044 |a xo  |c SK 
072 7 |a 271/279  |x Kresťanské cirkvi, sekty, denominácie  |2 konspekt 
072 7 |a 37.016  |x Učebné osnovy. Vyučovacie predmety. Učebnice  |2 konspekt 
080 |a 21/29-1/-9  |2 2011 
080 |a 275.4  |2 2011 
080 |a (075.8)  |2 2011 
245 0 0 |a Református hittan  |n I.  |b az 199.-199. isk. évben  |c összeállította Peres Imréné 
250 |a 1. kiad. 
260 |a Komárno  |b Teologický inštitút J. Calvina  |c 1995 
300 |a 95 strán  |b ilustrácie  |c 21 cm 
504 |a Obsahuje bibliografiu 
650 0 7 |a kalvíni  |2 SNKPH  |9 172703 
650 0 7 |a reformované náboženstvo  |2 SNKPH  |9 514937 
650 0 7 |a náboženstvo  |2 SNKPH  |9 2023 
655 7 |a učebnice vysokých škôl  |2 SNKPH  |9 70191 
700 1 |a Imréné, Peres  |4 com  |9 514938 
919 |a 80-967369-1-4 
958 |a TL 
958 |a HU 
958 |a OND 
958 |a NT 
958 |a UV 
958 |a NB 
958 |a ZS 
999 |c 792813  |d 794743 
952 |t P60, <09>, [BOOK], {629}  |a SNK  |b SNK  |y NEVYP  |7 0  |o snkC 2056  |i snk4055/951201  |0 0  |1 0  |4 0  |d 1995-11-30  |l 0  |r 2004-12-31 00:00:00  |w 2026-02-24